[Event "GRENKE Chess Classic 2019"]
[Site "Karlsruhe/Baden Baden GER"]
[Date "2019.04.26"]
[Round "6"]
[White "Aronian, Levon"]
[Black "Keymer, Vincent"]
[Result "1/2-1/2"]
[WhiteElo "2763"]
[BlackElo "2516"]
[PlyCount "104"]
[EventDate "2019.04.20"]

1. e4 c5 2. Nc3 a6 3. Nge2 d6 4. g3 Nf6 5. Bg2 Nc6 6. O-O e6 7. d4 cxd4 8. Nxd4
Bd7 9. Re1 Be7 10. Nxc6 Bxc6 11. e5 dxe5 12. Bxc6+ bxc6 13. Rxe5 O-O 14. Qxd8
Rfxd8 15. Re2 c5 16. Na4 Rd1+ 17. Kg2 Rad8 18. b3 Nd5 19. c3 Rc8 20. Re4 Nf6
21. Re2 Nd5 22. Rd2 Rxd2 23. Bxd2 c4 24. Nb2 Bf6 25. Nxc4 Bxc3 26. Rd1 Bxd2 27.
Rxd2 g5 28. Kf3 Kg7 29. Ne3 Rc3 30. Rc2 f5 31. Rxc3 Nxc3 32. a4 g4+ 33. Kg2 Kf6
34. Nc2 Ne4 35. b4 Nc3 36. b5 axb5 37. a5 Nd5 38. a6 Nc7 39. a7 Ke5 40. Kf1 Kd5
41. Nb4+ Kc4 42. Nc6 Kd3 43. Ke1 Na8 44. Nd8 e5 45. Nc6 Ke4 46. Kd2 Kd5 47.
Nb4+ Kc4 48. Nc6 Kd5 49. Nb4+ Ke4 50. Nc6 f4 51. Kc3 Kd5 52. Nb4+ Ke4 1/2-1/2

[Event "GRENKE Chess Classic 2019"]
[Site "Karlsruhe/Baden Baden GER"]
[Date "2019.04.26"]
[Round "6"]
[White "Svidler, Peter"]
[Black "Vachier-Lagrave, Maxime"]
[Result "1/2-1/2"]
[WhiteElo "2735"]
[BlackElo "2773"]
[PlyCount "69"]
[EventDate "2019.04.20"]

1. Nf3 c5 2. c4 Nf6 3. Nc3 d5 4. cxd5 Nxd5 5. e3 Nxc3 6. dxc3 Qc7 7. e4 e6 8.
Be3 Bd7 9. Nd2 Bc6 10. Qg4 Nd7 11. Qg3 O-O-O 12. Bf4 e5 13. Bg5 f6 14. Be3 g6
15. Qh3 Kb8 16. Be2 Nb6 17. b3 h5 18. O-O Bh6 19. Bxh6 Rxh6 20. Qe3 Rh7 21.
Rfd1 Rhd7 22. Nf1 Rxd1 23. Rxd1 Rxd1 24. Bxd1 Nc8 25. f3 Qd6 26. Be2 Ne7 27.
Qh6 f5 28. Ne3 fxe4 29. Nc4 Qf6 30. fxe4 Kc7 31. g3 Ng8 32. Qh7+ Ne7 33. Qh6
Ng8 34. Qh7+ Ne7 35. Qh6 1/2-1/2

[Event "GRENKE Chess Classic 2019"]
[Site "Karlsruhe/Baden Baden GER"]
[Date "2019.04.27"]
[Round "7"]
[White "Vachier-Lagrave, Maxime"]
[Black "Vallejo Pons, Francisco"]
[Result "1/2-1/2"]
[WhiteElo "2773"]
[BlackElo "2693"]
[PlyCount "113"]
[EventDate "2019.04.20"]

1. e4 e6 2. d4 d5 3. e5 c5 4. c3 Nc6 5. Nf3 Qb6 6. a3 c4 7. Nbd2 Na5 8. g3 Bd7
9. h4 Ne7 10. Bh3 h6 11. O-O O-O-O 12. h5 Kb8 13. Nh4 Rg8 14. Ng2 Qc7 15. Re1
Nc8 16. Rb1 Nb6 17. Nf1 Be7 18. Be3 Rdf8 19. Qe2 Qc8 20. Nh2 Na8 21. g4 Nc7 22.
f4 Nc6 23. Rf1 Re8 24. Nf3 g6 25. hxg6 fxg6 26. Rf2 Rh8 27. Qc2 h5 28. g5 Reg8
29. Ngh4 Qe8 30. Nd2 Na5 31. Re1 Ba4 32. Qb1 Bd8 33. Bg2 Rg7 34. Bf3 Na8 35.
Rh2 Nb6 36. Kf2 Nc8 37. Nf1 Ne7 38. Ng3 a6 39. Reh1 Kc8 40. Kg1 Qf7 41. Rh3 Kc7
42. R1h2 Qe8 43. Ng2 Rf8 44. Nh4 Rh8 45. f5 exf5 46. Ne2 Kb8 47. Nf4 Qc6 48.
Nhg2 Bc7 49. Bf2 Nb3 50. Qe1 Qd7 51. Ne3 Bc6 52. Bg3 Rd8 53. Qf1 b5 54. Re2 Bb7
55. Qg2 Qc6 56. Re1 Rgg8 57. Rh2 1/2-1/2

[Event "GRENKE Chess Classic 2019"]
[Site "Karlsruhe/Baden Baden GER"]
[Date "2019.04.27"]
[Round "7"]
[White "Keymer, Vincent"]
[Black "Svidler, Peter"]
[Result "1/2-1/2"]
[WhiteElo "2516"]
[BlackElo "2735"]
[PlyCount "83"]
[EventDate "2019.04.20"]

1. d4 Nf6 2. c4 e6 3. Nf3 b6 4. g3 Bb4+ 5. Nbd2 Bb7 6. Bg2 O-O 7. O-O d5 8. Ne5
Qc8 9. cxd5 Bxd5 10. f3 Rd8 11. Ne4 Nbd7 12. Nxf6+ Nxf6 13. e4 Bb7 14. Be3 Nd7
15. Qb3 Be7 16. Nxd7 Qxd7 17. Rac1 c5 18. dxc5 Bxc5 19. Bxc5 bxc5 20. Rfd1 Qc7
21. Qb5 a6 22. Qb3 h6 23. Bf1 a5 24. a3 Rxd1 25. Rxd1 Ba6 26. Bxa6 Rxa6 27. Qb5
Rc6 28. Rd2 c4 29. Kg2 Kh7 30. Rc2 Rc5 31. Qe8 Qb7 32. Rd2 c3 33. bxc3 Rxc3 34.
a4 Rc8 35. Qb5 Qxb5 36. axb5 Rb8 37. Rb2 g5 38. b6 Kg7 39. h4 gxh4 40. gxh4 a4
41. Ra2 Rxb6 42. Rxa4 1/2-1/2

[Event "GRENKE Chess Classic 2019"]
[Site "Karlsruhe/Baden Baden GER"]
[Date "2019.04.27"]
[Round "7"]
[White "Carlsen, Magnus"]
[Black "Aronian, Levon"]
[Result "1-0"]
[WhiteElo "2845"]
[BlackElo "2763"]
[PlyCount "75"]
[EventDate "2019.04.20"]

1. d4 Nf6 2. c4 e6 3. Nf3 d5 4. Nc3 dxc4 5. e4 Bb4 6. Bg5 c5 7. Bxc4 cxd4 8.
Nxd4 Bxc3+ 9. bxc3 Qa5 10. Bd2 O-O 11. Qe2 e5 12. Nb3 Qc7 13. O-O Bg4 14. f3
Rc8 15. Bd5 Nxd5 16. exd5 Bh5 17. c4 Nd7 18. Rfc1 b6 19. a4 a5 20. Qf2 Qd6 21.
Be3 Bg6 22. Qd2 f6 23. Qb2 Rc7 24. Nd2 Nc5 25. Qa3 Rd8 26. Rc3 f5 27. Re1 e4
28. fxe4 fxe4 29. Bxc5 Rxc5 30. Nxe4 Qe5 31. Rce3 Rcc8 32. h3 Qc7 33. Nd2 Re8
34. Re7 Rxe7 35. Rxe7 Qd8 36. Qe3 Rc7 37. Re6 Rc5 38. Qb3 1-0

[Event "GRENKE Chess Classic 2019"]
[Site "Karlsruhe/Baden Baden GER"]
[Date "2019.04.27"]
[Round "7"]
[White "Anand, Viswanathan"]
[Black "Meier, Georg"]
[Result "0-1"]
[WhiteElo "2774"]
[BlackElo "2628"]
[PlyCount "72"]
[EventDate "2019.04.20"]

1. e4 e6 2. d4 d5 3. Nc3 dxe4 4. Nxe4 Nd7 5. Nf3 Ngf6 6. Nxf6+ Nxf6 7. Be3 Bd6
8. Bd3 O-O 9. Qe2 b6 10. O-O-O Bb7 11. Kb1 c5 12. Bg5 h6 13. Bh4 Rc8 14. Rhe1
Bxf3 15. Qxf3 c4 16. Be4 g5 17. Bg3 Bxg3 18. fxg3 Kg7 19. c3 b5 20. g4 Qd6 21.
Rf1 Nxe4 22. Qxe4 Qxh2 23. d5 Qd6 24. Qd4+ e5 25. Qxa7 Rc5 26. Qb7 e4 27. Rf5
e3 28. Kc1 b4 29. Qxb4 Rb8 30. Qa4 Rcb5 31. Qa7 R8b7 32. Qxe3 Rxb2 33. Qe5+
Qxe5 34. Rxe5 Rxg2 35. Rd4 Rg1+ 36. Kc2 Rgb1 0-1

[Event "GRENKE Chess Classic 2019"]
[Site "Karlsruhe/Baden Baden GER"]
[Date "2019.04.27"]
[Round "7"]
[White "Caruana, Fabiano"]
[Black "Naiditsch, Arkadij"]
[Result "1-0"]
[WhiteElo "2819"]
[BlackElo "2695"]
[PlyCount "65"]
[EventDate "2019.04.20"]

1. d4 Nf6 2. c4 e6 3. g3 d5 4. Bg2 Bb4+ 5. Nd2 O-O 6. Ngf3 dxc4 7. O-O b5 8. a4
c6 9. b3 c3 10. Nb1 Bb7 11. Qc2 c5 12. Nxc3 cxd4 13. Nxb5 Nc6 14. Qc4 Qe7 15.
Nbxd4 Na5 16. Qb5 Rfd8 17. Bf4 Bc3 18. Rac1 a6 19. Qe5 Bxf3 20. Bxf3 Bxd4 21.
Qxa5 Nd5 22. Bc7 Rd7 23. e3 Qf6 24. Bxd5 Rxd5 25. Qb4 Bb2 26. Rc2 h5 27. Qb7
Rf8 28. Qxa6 h4 29. Qc4 h3 30. Qg4 Rd3 31. b4 Rb3 32. Qxh3 Ra8 33. b5 1-0

[Event "GRENKE Chess Classic 2019"]
[Site "Karlsruhe/Baden Baden GER"]
[Date "2019.04.28"]
[Round "8"]
[White "Vallejo Pons, Francisco"]
[Black "Naiditsch, Arkadij"]
[Result "1/2-1/2"]
[WhiteElo "2693"]
[BlackElo "2695"]
[PlyCount "173"]
[EventDate "2019.04.20"]

1. d4 Nf6 2. c4 e6 3. Nf3 d5 4. Bg5 Nbd7 5. e3 h6 6. Bf4 dxc4 7. Bxc4 Bd6 8.
Bxd6 cxd6 9. Nc3 d5 10. Bd3 b6 11. Ne5 Bb7 12. f4 O-O 13. O-O Ne4 14. Bxe4 dxe4
15. Qa4 Nf6 16. f5 Qe7 17. h3 a5 18. Ng4 Nxg4 19. hxg4 Qg5 20. Rf4 exf5 21. Qd7
Bc8 22. Qc6 Rb8 23. gxf5 Bxf5 24. Nxe4 Qg6 25. Qxg6 Bxg6 26. Nd6 Rfd8 27. Nb5
Rbc8 28. Rd1 f6 29. a3 Rc2 30. Rf2 Rc4 31. Rfd2 Be8 32. Nc3 b5 33. Kf2 f5 34.
d5 Kf7 35. Rd4 Rdc8 36. e4 Kf6 37. Rxc4 bxc4 38. Ke3 Ke5 39. exf5 Rb8 40. Rd2
h5 41. g3 Bd7 42. d6 Kxf5 43. Rd5+ Ke6 44. Kd4 Bc6 45. Rxh5 Rxb2 46. Rxa5 Kxd6
47. Rg5 Bg2 48. Rg6+ Ke7 49. Rxg7+ Kf6 50. Rg4 Bh3 51. Rf4+ Ke7 52. Kxc4 Be6+
53. Kd3 Rg2 54. Ne2 Rh2 55. Ke3 Rh1 56. Ra4 Re1 57. Kf2 Ra1 58. Ra5 Kf6 59. Nc3
Bf5 60. Nd5+ Kf7 61. Ke3 Bc2 62. g4 Ke6 63. Nf4+ Kd6 64. Ne2 Rd1 65. g5 Rd3+
66. Kf2 Rd2 67. Ke3 Rd3+ 68. Kf2 Rd2 69. g6 Ke7 70. Ra7+ Kf8 71. Ke3 Rd3+ 72.
Kf4 Bd1 73. Ng1 Rd6 74. Kg5 Rd5+ 75. Kf4 Rd6 76. Rf7+ Kg8 77. Kg5 Ra6 78. Kh6
Bc2 79. Rg7+ Kf8 80. Nf3 Rxa3 81. Ng5 Ra6 82. Nh7+ Ke8 83. Rg8+ Ke7 84. Rg7+
Ke8 85. Kg5 Rxg6+ 86. Rxg6 Bxg6 87. Kxg6 1/2-1/2

[Event "GRENKE Chess Classic 2019"]
[Site "Karlsruhe/Baden Baden GER"]
[Date "2019.04.28"]
[Round "8"]
[White "Meier, Georg"]
[Black "Caruana, Fabiano"]
[Result "0-1"]
[WhiteElo "2628"]
[BlackElo "2819"]
[PlyCount "102"]
[EventDate "2019.04.20"]

1. e4 c5 2. Nf3 Nc6 3. Bb5 g6 4. Bxc6 dxc6 5. d3 Bg7 6. h3 Nf6 7. Nc3 Nd7 8.
Be3 e5 9. Qd2 h6 10. a3 b6 11. b4 Nf8 12. bxc5 Ne6 13. cxb6 axb6 14. Qc1 f5 15.
a4 f4 16. Bd2 O-O 17. Qb2 Nd4 18. Ne2 Nxf3+ 19. gxf3 Be6 20. Rb1 Ra6 21. Bc3
Qc7 22. Rg1 Kh7 23. h4 Rb8 24. Ra1 c5 25. Kd2 Rd8 26. Rgd1 Bh3 27. Qb5 Rda8 28.
Rg1 Qd6 29. Qb2 R8a7 30. Rab1 Qf6 31. a5 Bd7 32. axb6 Rb7 33. h5 g5 34. Ra1
Raxb6 35. Qa3 Qd6 36. Nc1 Be6 37. Rh1 Bf7 38. Ke2 Qd7 39. Qa4 Rc6 40. Qa5 c4
41. Ra3 Rbc7 42. Kd2 Rc5 43. Qa8 Rc8 44. Ra7 Qb5 45. Qxc8 Rxc8 46. Rxf7 Kg8 47.
Rxg7+ Kxg7 48. d4 exd4 49. Bxd4+ Kf7 50. Rd1 c3+ 51. Ke1 Qb2 0-1

[Event "GRENKE Chess Classic 2019"]
[Site "Karlsruhe/Baden Baden GER"]
[Date "2019.04.28"]
[Round "8"]
[White "Vachier-Lagrave, Maxime"]
[Black "Keymer, Vincent"]
[Result "1-0"]
[WhiteElo "2773"]
[BlackElo "2516"]
[PlyCount "97"]
[EventDate "2019.04.20"]

1. e4 c5 2. c3 Nf6 3. e5 Nd5 4. Nf3 Nc6 5. Bc4 Nb6 6. Bb3 d5 7. exd6 Qxd6 8.
O-O Be6 9. Na3 Bxb3 10. axb3 Qd3 11. Re1 e6 12. Re3 Qd7 13. Nc4 Nxc4 14. bxc4
Be7 15. d4 cxd4 16. cxd4 O-O 17. Rd3 b5 18. cxb5 Nb4 19. Ne5 Qxb5 20. Rh3 Nd5
21. Rb3 Qe8 22. Rg3 f5 23. Qe2 Bf6 24. Rga3 Qe7 25. Nf3 Rfb8 26. Ra6 Rb6 27.
Rxb6 Nxb6 28. Bf4 Rc8 29. g3 Qd7 30. Bg5 Rc7 31. Re1 Kf7 32. h4 Rc6 33. h5 h6
34. Bxf6 gxf6 35. Nh4 Nd5 36. g4 Ne7 37. Qe3 Rc8 38. gxf5 Rg8+ 39. Kh2 Nxf5 40.
Nxf5 exf5 41. Qb3+ Kf8 42. Qb4+ Kf7 43. Qc4+ Kf8 44. Qc5+ Kf7 45. Ra1 Ra8 46.
Ra6 Qe8 47. Qxf5 Qb8+ 48. Kh3 Qc8 49. Rxf6+ 1-0

[Event "GRENKE Chess Classic 2019"]
[Site "Karlsruhe/Baden Baden GER"]
[Date "2019.04.28"]
[Round "8"]
[White "Aronian, Levon"]
[Black "Anand, Viswanathan"]
[Result "1/2-1/2"]
[WhiteElo "2763"]
[BlackElo "2774"]
[PlyCount "65"]
[EventDate "2019.04.20"]

1. e4 e5 2. Nf3 Nc6 3. Bb5 Nf6 4. d3 Bc5 5. Bxc6 dxc6 6. Qe2 Qe7 7. h3 Bd6 8.
Nbd2 Nd7 9. O-O O-O 10. Nc4 Re8 11. Re1 c5 12. Nh2 Nf8 13. f4 exf4 14. Qf2 Ng6
15. Rf1 Be6 16. Nxd6 cxd6 17. Bxf4 d5 18. exd5 Bxd5 19. Bd2 b6 20. Ng4 Qe2 21.
Ne3 Qxf2+ 22. Kxf2 Be6 23. Bc3 Ne7 24. Rfe1 Nd5 25. Nxd5 Bxd5 26. b3 f6 27.
Rxe8+ Rxe8 28. Re1 Kf7 29. Rxe8 Kxe8 30. Bd2 Kd7 31. Bc3 Ke8 32. Bd2 Kd7 33.
Bc3 1/2-1/2

[Event "GRENKE Chess Classic 2019"]
[Site "Karlsruhe/Baden Baden GER"]
[Date "2019.04.29"]
[Round "9"]
[White "Naiditsch, Arkadij"]
[Black "Meier, Georg"]
[Result "1-0"]
[WhiteElo "2695"]
[BlackElo "2628"]
[PlyCount "79"]
[EventDate "2019.04.20"]

1. c4 b6 2. Nc3 Bb7 3. e4 e5 4. Nge2 Nc6 5. g3 Bc5 6. Bg2 h5 7. h3 d6 8. d3 Qd7
9. h4 f5 10. exf5 Qxf5 11. O-O Nf6 12. d4 exd4 13. Nb5 Qc8 14. Nf4 Ne5 15. Ne6
Bxg2 16. Kxg2 c6 17. Nbc7+ Kd7 18. Re1 Bb4 19. f4 Neg4 20. Re2 Qb7 21. Nxa8 c5+
22. Kg1 Rxa8 23. Qd3 b5 24. a3 Ba5 25. b4 bxc4 26. Qf5 Qd5 27. Nxd4+ Qxf5 28.
Nxf5 cxb4 29. Re7+ Kd8 30. Rxg7 b3 31. Nxd6 Bb6+ 32. Kg2 c3 33. Rb1 b2 34. Bxb2
cxb2 35. Rxb2 Rb8 36. Rf7 Nd7 37. Ne4 Ne3+ 38. Kh3 Rc8 39. Rd2 Rc7 40. Nf6 1-0

[Event "GRENKE Chess Classic 2019"]
[Site "Karlsruhe/Baden Baden GER"]
[Date "2019.04.29"]
[Round "9"]
[White "Caruana, Fabiano"]
[Black "Aronian, Levon"]
[Result "1/2-1/2"]
[WhiteElo "2819"]
[BlackElo "2763"]
[PlyCount "86"]
[EventDate "2019.04.20"]

1. e4 e5 2. Nf3 Nc6 3. Bb5 a6 4. Ba4 Nf6 5. O-O Be7 6. Re1 b5 7. Bb3 O-O 8. c3
d5 9. exd5 Nxd5 10. Nxe5 Nxe5 11. Rxe5 c6 12. d3 Bd6 13. Re1 Bf5 14. Qf3 Qh4
15. g3 Qh3 16. Nd2 Rae8 17. Ne4 Bg4 18. Qg2 Qxg2+ 19. Kxg2 f5 20. h3 Bh5 21.
Bf4 Bxf4 22. gxf4 fxe4 23. dxe4 Bf3+ 24. Kxf3 Rxf4+ 25. Kg3 Rfxe4 26. Rxe4 Rxe4
27. f3 Re5 28. c4 bxc4 29. Bxc4 a5 30. Rc1 Rg5+ 31. Kf2 Kf8 32. Bd3 Ne7 33. Rc4
Rh5 34. h4 Ke8 35. b4 axb4 36. Rxb4 Kd7 37. a4 g6 38. Kg3 Ra5 39. Rd4+ Ke6 40.
Kg4 Nd5 41. Kg3 Ne7 42. Kg4 Nd5 43. Kg3 Ne7 1/2-1/2

[Event "GRENKE Chess Classic 2019"]
[Site "Karlsruhe/Baden Baden GER"]
[Date "2019.04.29"]
[Round "9"]
[White "Carlsen, Magnus"]
[Black "Vachier-Lagrave, Maxime"]
[Result "1-0"]
[WhiteElo "2845"]
[BlackElo "2773"]
[PlyCount "85"]
[EventDate "2019.04.20"]

1. c4 c5 2. g3 g6 3. Bg2 Bg7 4. Nc3 Nc6 5. Nf3 d6 6. O-O Bf5 7. h3 Nf6 8. d3
O-O 9. Be3 a6 10. Qd2 b5 11. cxb5 axb5 12. Nxb5 Qa5 13. Nc3 Rab8 14. Rfc1 Rfc8
15. b3 e5 16. Bh6 Nd4 17. Bxg7 Nxf3+ 18. exf3 Kxg7 19. f4 Qa6 20. fxe5 dxe5 21.
Na4 Nd7 22. Rc3 Rb4 23. g4 Be6 24. Nxc5 Nxc5 25. Rxc5 Rxb3 26. Rxc8 Bxc8 27.
Rc1 Rxd3 28. Qe2 Be6 29. Qxe5+ Kg8 30. Rb1 Rd8 31. Rb8 Rxb8 32. Qxb8+ Kg7 33.
Bd5 Bxd5 34. Qe5+ f6 35. Qxd5 h5 36. gxh5 gxh5 37. Qd7+ Kg6 38. a4 Qe2 39. Qd5
f5 40. a5 f4 41. Kg2 Kh6 42. Qf5 Qc4 43. Kf3 1-0

[Event "GRENKE Chess Classic 2019"]
[Site "Karlsruhe/Baden Baden GER"]
[Date "2019.04.29"]
[Round "9"]
[White "Keymer, Vincent"]
[Black "Vallejo Pons, Francisco"]
[Result "0-1"]
[WhiteElo "2516"]
[BlackElo "2693"]
[PlyCount "72"]
[EventDate "2019.04.20"]

1. d4 Nf6 2. c4 e6 3. Nf3 c5 4. d5 d6 5. Nc3 exd5 6. cxd5 g6 7. h3 Bg7 8. e4
O-O 9. Bd3 a6 10. a4 Nh5 11. g4 Nf6 12. Bf4 Ne8 13. Qd2 Nd7 14. O-O h5 15. gxh5
Ne5 16. Nxe5 dxe5 17. Bg5 f6 18. Be3 c4 19. Bxc4 Nd6 20. Qe2 f5 21. f4 Qh4 22.
Bc5 Qg3+ 23. Kh1 Qxh3+ 24. Qh2 Qxh2+ 25. Kxh2 Nxc4 26. Bxf8 Kxf8 27. hxg6 exf4
28. exf5 Bxf5 29. Rae1 Re8 30. Rxe8+ Kxe8 31. Re1+ Be5 32. Nd1 Bxg6 33. Kg2 Bc2
34. Kf3 Kd7 35. Nf2 Kd6 36. Rc1 Ne3 0-1

[Event "4NCL, Great Britain League 2018/19"]
[Site "Telford ENG"]
[Date "2019.05.04"]
[Round "9"]
[White "Rapport, Richard"]
[Black "Turner, Matthew J"]
[Result "1-0"]
[WhiteElo "2736"]
[BlackElo "2524"]
[PlyCount "104"]
[EventDate "2018.11.10"]
[WhiteTeam "Manx Liberty"]
[BlackTeam "Barbican 4NCL"]

1. Nf3 Nf6 2. g3 d5 3. Bg2 c5 4. O-O Nc6 5. d4 e6 6. c4 dxc4 7. Qa4 cxd4 8.
Nxd4 Qxd4 9. Bxc6+ Bd7 10. Rd1 Bxc6 11. Qxc6+ bxc6 12. Rxd4 Nd5 13. Rxc4 Kd7
14. Nd2 Be7 15. Nf3 f6 16. Bd2 Rhb8 17. e4 Nb6 18. Rc2 e5 19. Rd1 Ke8 20. Rxc6
Na4 21. b3 Nc5 22. Be3 Nxe4 23. Rc7 Rc8 24. Rb7 Rcb8 25. Rc7 Rc8 26. Rdd7 Rxc7
27. Rxc7 a6 28. Kf1 Bf8 29. g4 Nd6 30. a4 Ne4 31. Ke2 Rb8 32. Kd3 Nd6 33. Nd2
Rc8 34. Ra7 Rc6 35. b4 Nc8 36. Rb7 Kd8 37. Ne4 Be7 38. Nc5 Rb6 39. Rxb6 Nxb6
40. a5 Bxc5 41. Bxc5 Nd5 42. Kc4 Nf4 43. b5 axb5+ 44. Kxb5 Kc7 45. Bb6+ Kb8 46.
Kc6 g6 47. Kd6 h5 48. Be3 Nd3 49. gxh5 gxh5 50. Ke6 Ne1 51. Kxf6 Nf3 52. h3 Kb7
1-0

[Event "4NCL, Great Britain League 2018/19"]
[Site "Telford ENG"]
[Date "2019.05.04"]
[Round "9"]
[White "Howell, David W L"]
[Black "Alsina Leal, Daniel"]
[Result "1-0"]
[WhiteElo "2698"]
[BlackElo "2469"]
[PlyCount "133"]
[EventDate "2018.11.10"]
[WhiteTeam "Cheddleton"]
[BlackTeam "White Rose"]

1. Nf3 d5 2. d4 Nf6 3. c4 c6 4. Qc2 dxc4 5. Qxc4 Bf5 6. g3 e6 7. Bg2 Be7 8. O-O
O-O 9. e3 Nbd7 10. Qe2 Qa5 11. Nc3 Ne4 12. Bd2 Qb6 13. Be1 Nxc3 14. Bxc3 Be4
15. Rfd1 Rfd8 16. Bf1 c5 17. Nd2 Bc6 18. Nc4 Qc7 19. dxc5 Bxc5 20. Na5 Be4 21.
Qg4 Bg6 22. Bg2 Rab8 23. Rac1 Qb6 24. h4 Bf8 25. h5 Bf5 26. Qf4 Nf6 27. Bxf6
gxf6 28. Nc4 Qb4 29. e4 e5 30. Qxf5 Rxd1+ 31. Rxd1 Qxc4 32. Qxf6 Bg7 33. Rd8+
Rxd8 34. Qxd8+ Bf8 35. Qg5+ Kh8 36. Qf6+ Kg8 37. Qg5+ Kh8 38. Qxe5+ Kg8 39.
Qg5+ Kh8 40. Qf6+ Kg8 41. b3 Qc2 42. Qg5+ Kh8 43. Qe5+ Kg8 44. Qg5+ Kh8 45. Qf5
Kg8 46. Bf1 Qc5 47. Qg4+ Kh8 48. Bc4 Qe7 49. Kg2 b6 50. Kh3 Qf6 51. f4 Qe7 52.
Bd5 h6 53. Qc8 Kg8 54. e5 Kg7 55. a4 Kg8 56. Kg4 Qc5 57. Qd7 Qe7 58. Qc6 Kg7
59. Kf5 Kh7 60. g4 Bg7 61. Qb7 Qxb7 62. Bxb7 Kg8 63. g5 hxg5 64. fxg5 Kf8 65.
h6 Bh8 66. Bd5 Ke7 67. Bxf7 1-0

[Event "4NCL, Great Britain League 2018/19"]
[Site "Telford ENG"]
[Date "2019.05.05"]
[Round "10"]
[White "Speelman, Jon S"]
[Black "Rapport, Richard"]
[Result "1/2-1/2"]
[WhiteElo "2505"]
[BlackElo "2736"]
[PlyCount "79"]
[EventDate "2018.11.10"]
[WhiteTeam "Wood Green"]
[BlackTeam "Manx Liberty"]

1. d4 Nf6 2. Nf3 e6 3. c4 Bb4+ 4. Nbd2 O-O 5. a3 Be7 6. g3 b6 7. Bg2 Bb7 8. O-O
c5 9. d5 exd5 10. Nh4 Na6 11. Nb1 Ne4 12. cxd5 Bxh4 13. Bxe4 Bf6 14. Qc2 h6 15.
Nc3 d6 16. Bf4 Nc7 17. Rad1 Re8 18. Bg2 Ba6 19. Rfe1 Nb5 20. Ne4 Nd4 21. Rxd4
cxd4 22. Qa4 Rxe4 23. Bxe4 Qe8 24. Bh7+ Kxh7 25. Qxa6 Be5 26. Bd2 Rc8 27. Rc1
Rxc1+ 28. Bxc1 Qd7 29. b3 g6 30. a4 Bg7 31. Qd3 Qc8 32. Bf4 Qb7 33. Qe4 Qd7 34.
Kg2 a6 35. h3 h5 36. Qd3 b5 37. axb5 axb5 38. Qe4 Bf6 39. Qc2 Qe7 40. Qd3
1/2-1/2

[Event "4NCL, Great Britain League 2018/19"]
[Site "Telford ENG"]
[Date "2019.05.06"]
[Round "11"]
[White "Rapport, Richard"]
[Black "Sadler, Matthew D"]
[Result "1/2-1/2"]
[WhiteElo "2736"]
[BlackElo "2688"]
[PlyCount "53"]
[EventDate "2018.11.10"]
[WhiteTeam "Manx Liberty"]
[BlackTeam "Guildford"]

1. Nf3 Nf6 2. g3 d5 3. Bg2 c5 4. O-O e6 5. c4 d4 6. e3 Nc6 7. exd4 cxd4 8. d3
Bd6 9. Nbd2 O-O 10. Ng5 Bd7 11. f4 h6 12. Nge4 Nxe4 13. Nxe4 Be7 14. Re1 a5 15.
Bd2 f5 16. Nf2 a4 17. Rb1 Bd6 18. Re2 Qc7 19. Rc1 b6 20. b4 axb3 21. axb3 Ra2
22. Rb1 Rfa8 23. b4 R8a4 24. Be1 Kh7 25. Rxa2 Rxa2 26. Qb3 Qa7 27. Rc1 1/2-1/2

[Event "4NCL, Great Britain League 2018/19"]
[Site "Telford ENG"]
[Date "2019.05.06"]
[Round "11"]
[White "Howell, David W L"]
[Black "Speelman, Jon S"]
[Result "1/2-1/2"]
[WhiteElo "2698"]
[BlackElo "2505"]
[PlyCount "43"]
[EventDate "2018.11.10"]
[WhiteTeam "Cheddleton"]
[BlackTeam "Wood Green"]

1. Nf3 e6 2. c4 b6 3. d4 Bb7 4. a3 f5 5. d5 Nf6 6. Nc3 Be7 7. g3 Ne4 8. Bd2 Bf6
9. Rc1 c6 10. dxe6 dxe6 11. c5 Bxc3 12. bxc3 Nd7 13. cxb6 axb6 14. Ra1 Qf6 15.
Qc2 Nxd2 16. Nxd2 c5 17. Nf3 Be4 18. Qb2 O-O 19. Bg2 Ne5 20. O-O Nc4 21. Qc1
Rfd8 22. Ra2 1/2-1/2

[Event "Capablanca Memorial 2019"]
[Site "Havana CUB"]
[Date "2019.05.03"]
[Round "1"]
[White "Ivanchuk, Vassily"]
[Black "Anton Guijarro, David"]
[Result "1/2-1/2"]
[WhiteElo "2677"]
[BlackElo "2667"]
[PlyCount "80"]
[EventDate "2019.05.03"]

1. e4 e5 2. Nf3 Nc6 3. Nc3 Nf6 4. d4 exd4 5. Nxd4 Bb4 6. Nxc6 bxc6 7. Bd3 O-O
8. O-O d5 9. exd5 cxd5 10. h3 c6 11. Qf3 Re8 12. Bf4 Bd6 13. Rad1 Be6 14. Rfe1
Rb8 15. b3 Bxf4 16. Qxf4 Qa5 17. Qd2 Bd7 18. g4 Qb4 19. Rxe8+ Rxe8 20. Ne2 Qb6
21. Ng3 Be6 22. c4 h6 23. cxd5 cxd5 24. Qf4 Rc8 25. Ne2 h5 26. g5 Ne4 27. h4
Qa5 28. Nd4 Qxa2 29. g6 Rf8 30. Bxe4 dxe4 31. Nxe6 fxe6 32. Qe3 Qb2 33. Rd4
Qb1+ 34. Kg2 Qc2 35. Rd7 Qc6 36. Rd4 e5 37. Qxe4 Qxe4+ 38. Rxe4 Rf6 39. Rxe5
Rxg6+ 40. Kf3 Rf6+ 1/2-1/2

[Event "Capablanca Memorial 2019"]
[Site "Havana CUB"]
[Date "2019.05.03"]
[Round "1"]
[White "Gonzalez Vidal, Yuri"]
[Black "Adhiban, Baskaran"]
[Result "1/2-1/2"]
[WhiteElo "2567"]
[BlackElo "2701"]
[PlyCount "86"]
[EventDate "2019.05.03"]

1. e4 c5 2. Nf3 Nc6 3. Bb5 e6 4. O-O Nge7 5. Re1 Nd4 6. Nxd4 cxd4 7. d3 a6 8.
Ba4 Nc6 9. Nd2 b5 10. Bb3 Bb7 11. Nf3 Qc7 12. Bd2 h6 13. c3 Bc5 14. Rc1 Qb6 15.
cxd4 Nxd4 16. Be3 Nxb3 17. Qxb3 Bxe3 18. fxe3 O-O 19. Qb4 Rfc8 20. Rc3 Rxc3 21.
bxc3 Qc7 22. Rb1 a5 23. Qxb5 Ba6 24. Qe5 Qxe5 25. Nxe5 d6 26. Nc4 Bxc4 27. dxc4
Rc8 28. Rb5 Rxc4 29. Rxa5 Rxe4 30. Kf2 f5 31. Ra6 d5 32. Rb6 Kf7 33. Rb4 Rxb4
34. cxb4 Ke7 35. a4 Kd6 36. a5 Kc6 37. a6 Kb6 38. b5 g5 39. g3 e5 40. Ke2 h5
41. Kd2 Ka7 42. Ke2 Kb6 43. Kd2 Ka7 1/2-1/2

[Event "Capablanca Memorial 2019"]
[Site "Havana CUB"]
[Date "2019.05.04"]
[Round "2"]
[White "Anton Guijarro, David"]
[Black "Sevian, Samuel"]
[Result "1/2-1/2"]
[WhiteElo "2667"]
[BlackElo "2666"]
[PlyCount "128"]
[EventDate "2019.05.03"]

1. c4 e5 2. Nc3 Nf6 3. Nf3 Nc6 4. e4 g6 5. d4 exd4 6. Nxd4 Bg7 7. Nxc6 dxc6 8.
Qxd8+ Kxd8 9. Bf4 Be6 10. Be5 Re8 11. f4 Bd7 12. Bxf6+ Bxf6 13. e5 Bg7 14.
O-O-O Bh6 15. g3 Rxe5 16. Bh3 f5 17. Rd2 Re6 18. Rhd1 Rd6 19. Ne4 Rxd2 20. Rxd2
Ke7 21. Nc5 Bc8 22. Kc2 Bf8 23. b3 a5 24. a4 Kf7 25. Nd3 Kg7 26. Bg2 Be6 27.
Re2 Kf6 28. Bf3 Bd6 29. Kc3 h6 30. h4 Rg8 31. Rh2 Bc8 32. Rh1 Re8 33. Kd2 Bf8
34. Re1 Rd8 35. Kc2 Bd6 36. Rh1 Re8 37. Kd2 Bd7 38. Rc1 Rd8 39. Kc2 Rg8 40. Rh1
Be8 41. Kc3 Bf7 42. Kc2 g5 43. hxg5+ hxg5 44. Kd2 gxf4 45. gxf4 Rg3 46. Ke2 b5
47. Kf2 Rxf3+ 48. Kxf3 bxc4 49. bxc4 Bxc4 50. Ke3 Bb3 51. Rc1 Bxa4 52. Ra1 Bb5
53. Rxa5 Ke6 54. Kd4 Bxd3 55. Kxd3 Bxf4 56. Rc5 Be5 57. Rxc6+ Kd5 58. Ra6 c5
59. Ra8 c4+ 60. Ke3 f4+ 61. Kf3 c3 62. Rc8 Kd4 63. Rd8+ Kc4 64. Ke4 f3 1/2-1/2

[Event "Capablanca Memorial 2019"]
[Site "Havana CUB"]
[Date "2019.05.04"]
[Round "2"]
[White "Adhiban, Baskaran"]
[Black "Albornoz Cabrera, Carlos Daniel"]
[Result "1-0"]
[WhiteElo "2701"]
[BlackElo "2566"]
[PlyCount "46"]
[EventDate "2019.05.03"]

1. c4 Nf6 2. Nc3 e6 3. Nf3 d5 4. e3 c5 5. d4 dxc4 6. Bxc4 a6 7. O-O b5 8. Bb3
Bb7 9. e4 Nxe4 10. Nxe4 Bxe4 11. Re1 Bd5 12. dxc5 Bxb3 13. Qxb3 Nd7 14. Bg5
Nxc5 15. Qc3 Qd3 16. Qa5 f6 17. Rad1 Qf5 18. Qc7 Be7 19. Nd4 Qxg5 20. Nxe6 Nxe6
21. Qc6+ Kf7 22. Qxe6+ Kg6 23. Rd5 Bf8 1-0